Sociedades mercantiles (Record no. 34714)

MARC details
000 -LEADER
fixed length control field 00765nam a22002417a 4500
005 - DATE AND TIME OF LATEST TRANSACTION
control field 20210706092823.0
008 - FIXED-LENGTH DATA ELEMENTS--GENERAL INFORMATION
fixed length control field 121109t mx ||||| |||| 00| 0 spa d
020 ## - INTERNATIONAL STANDARD BOOK NUMBER
International Standard Book Number 9789706131676
020 ## - INTERNATIONAL STANDARD BOOK NUMBER
International Standard Book Number 9706131671
050 04 - LIBRARY OF CONGRESS CALL NUMBER
Classification number KGF1295
Item number G37 1999
100 1# - MAIN ENTRY--PERSONAL NAME
Personal name García Rendón, Manuel
245 10 - TITLE STATEMENT
Title Sociedades mercantiles
Statement of responsibility, etc / Manuel García Rendón
250 ## - EDITION STATEMENT
Edition statement 2a ed.
260 ## - PUBLICATION, DISTRIBUTION, ETC. (IMPRINT)
Place of publication, distribution, etc México :
Name of publisher, distributor, etc Oxford University Press México,
Date of publication, distribution, etc 1999
300 ## - PHYSICAL DESCRIPTION
Extent xlviii, 619 p. ;
Dimensions 23 cm.
490 0# - SERIES STATEMENT
Series statement Textos Jurídicos Universitarios
504 ## - BIBLIOGRAPHY, ETC. NOTE
Linkage Bibliografía p. 615-619 e índice
650 #7 - SUBJECT ADDED ENTRY--TOPICAL TERM
Source of heading or term lemb
Topical term or geographic name as entry element Sociedades comerciales
Geographic subdivision México
650 #4 - SUBJECT ADDED ENTRY--TOPICAL TERM
Topical term or geographic name as entry element Sociedades mercantiles
650 #4 - SUBJECT ADDED ENTRY--TOPICAL TERM
Topical term or geographic name as entry element Derecho mercantil
Geographic subdivision México
650 #7 - SUBJECT ADDED ENTRY--TOPICAL TERM
Source of heading or term lemb
Topical term or geographic name as entry element Derecho comercial
942 ## - ADDED ENTRY ELEMENTS (KOHA)
Source of classification or shelving scheme Biblioteca del Cogreso de los Estados Unidos
Koha item type Libro
Holdings
Estado de pérdida Fuente de clasificación Estado del daño No para préstamo Ubicación permanente Ubicación actual Apartado o colección Fecha de adquisición Fuente de adquisición Área del conocimiento Clasificación Código de Barras Date last seen Número de copia Tipo de recurso Edición Costo por reposición
  Biblioteca del Cogreso de los Estados Unidos     Biblioteca Campus Lázaro Cardenas Biblioteca Campus Lázaro Cardenas General 09/11/2012     KGF1295.S9 G37 2012 BCLC000001218 16/01/2015 1 Libro    
  Biblioteca del Cogreso de los Estados Unidos     Biblioteca Campus Lázaro Cardenas Biblioteca Campus Lázaro Cardenas General 09/11/2012     KGF1295.S9 G37 2012 BCLC000001219 16/01/2015 2 Libro    
  Biblioteca del Cogreso de los Estados Unidos     Biblioteca Campus Lázaro Cardenas Biblioteca Campus Lázaro Cardenas General 09/11/2012     KGF1295.S9 G37 2012 BCLC000001220 09/11/2012 3 Libro    
  Biblioteca del Cogreso de los Estados Unidos     Biblioteca de la Unidad de Ciencias Ingeniería y Humanidades Biblioteca de la Unidad de Ciencias Ingeniería y Humanidades General 14/06/2021   Ciencias Sociales y Administrativas KGF1295 G37 r2002 BCU000009625 14/06/2021 1 Libro 2a ed. 1.00